[Event "2. Bundesliga Ost 2014/2015"]
[Site "1020 Wien, Haus des Schachsports, Marathonweg 14"]
[Date "2015.01.25"]
[Round "7"]
[Board "1"]
[White "Chytilek, Roman"]
[Black "Smolen, Jan"]
[Result "0-1"]
[WhiteElo "2362"]
[BlackElo "2453"]
[PlyCount "58"]
[EventDate "2014.10.18"]
[EventType "team"]
[EventRounds "11"]
[EventCountry "AUT"]
[WhiteTeam "SV Stockerau"]
[BlackTeam "ASVOE Pamhagen"]

1. Nf3 d5 2. d4 Nf6 3. c4 e6 4. Bg5 Bb4+ 5. Nc3 c5 6. e3 cxd4 7. exd4 Qa5 8.
Bxf6 Bxc3+ 9. bxc3 Qxc3+ 10. Nd2 gxf6 11. cxd5 O-O 12. Rc1 Qxd4 13. Rc4 Qxd5
14. Qc2 Nd7 15. Be2 Ne5 16. Rc3 Bd7 17. Ne4 Kg7 18. O-O Bc6 19. Rg3+ Ng6 20.
Nc3 Qe5 21. h4 Kh8 22. Qc1 Nf4 23. Re3 Qf5 24. Bf3 Rac8 25. Bxc6 Rxc6 26. Qd2
Rg8 27. Rg3 Rxc3 28. Rxc3 Qe4 29. f3 Qe2 0-1

[Event "2. Bundesliga Ost 2014/2015"]
[Site "1020 Wien, Haus des Schachsports, Marathonweg 14"]
[Date "2015.01.25"]
[Round "7"]
[Board "3"]
[White "Schmid, Thomas"]
[Black "Vitouch, Anatol"]
[Result "0-1"]
[WhiteElo "2193"]
[BlackElo "2314"]
[PlyCount "68"]
[EventDate "2014.10.18"]
[EventType "team"]
[EventRounds "11"]
[EventCountry "AUT"]
[WhiteTeam "SV Stockerau"]
[BlackTeam "ASVOE Pamhagen"]

1. e4 c5 2. Nf3 g6 3. c3 d5 4. exd5 Qxd5 5. d4 Bg7 6. Be3 cxd4 7. Bxd4 Nf6 8.
Na3 a6 9. Bc4 Qe4+ 10. Qe2 Qxe2+ 11. Bxe2 Nc6 12. Be3 Nd5 13. Bd2 O-O 14. Nc2
e5 15. g3 h6 16. Ne3 Be6 17. O-O Rfe8 18. Nxd5 Bxd5 19. Rfd1 Be6 20. Be3 Rad8
21. Bb6 Rxd1+ 22. Bxd1 e4 23. Ne1 Ne5 24. Bd4 Bd5 25. Bb3 Bxb3 26. axb3 Rd8 27.
Kg2 f5 28. Be3 Ng4 29. Nc2 Rd3 30. h3 Nxe3+ 31. Nxe3 Kf7 32. Ra4 Ke6 33. Rb4 b5
34. c4 Bf8 0-1

[Event "2. Bundesliga Ost 2014/2015"]
[Site "1020 Wien, Haus des Schachsports, Marathonweg 14"]
[Date "2015.01.25"]
[Round "7"]
[Board "4"]
[White "Alvir, Aco"]
[Black "Pernerstorfer, Johannes"]
[Result "1-0"]
[WhiteElo "2343"]
[BlackElo "2101"]
[PlyCount "91"]
[EventDate "2014.10.18"]
[EventType "team"]
[EventRounds "11"]
[EventCountry "AUT"]
[WhiteTeam "ASVOE Pamhagen"]
[BlackTeam "SV Stockerau"]

1. e4 c5 2. Nf3 d6 3. d4 cxd4 4. Nxd4 Nf6 5. Nc3 a6 6. Be3 e5 7. Nb3 Be7 8. f3
O-O 9. Qd2 Be6 10. O-O-O a5 11. Kb1 a4 12. Nc1 Qa5 13. a3 Nc6 14. g4 Rfc8 15.
g5 Ne8 16. h4 Nc7 17. Nd5 Bxd5 18. exd5 Nd4 19. Bxd4 exd4 20. Bh3 Rd8 21. Rhe1
Bf8 22. Qxa5 Rxa5 23. Rxd4 Nxd5 24. Na2 Ne7 25. Nc3 Ng6 26. Bg2 d5 27. h5 Bc5
28. Rxd5 Rxd5 29. Nxd5 Nf8 30. f4 Bd6 31. Re8 b5 32. Rd8 Ra6 33. Bf1 Bc5 34.
Bxb5 Ra7 35. Rc8 Bd6 36. c4 Rb7 37. Kc2 Rb8 38. Rc6 Rd8 39. f5 Bg3 40. Bxa4 Bh4
41. g6 fxg6 42. fxg6 Re8 43. Kd3 Ne6 44. b4 Bg5 45. c5 Nd8 46. Rc8 1-0

[Event "2. Bundesliga Ost 2014/2015"]
[Site "1020 Wien, Haus des Schachsports, Marathonweg 14"]
[Date "2015.01.25"]
[Round "7"]
[Board "5"]
[White "Stanivukovic, Drago"]
[Black "Kuthan, Andreas"]
[Result "1/2-1/2"]
[WhiteElo "1951"]
[BlackElo "2208"]
[PlyCount "43"]
[EventDate "2014.10.18"]
[EventType "team"]
[EventRounds "11"]
[EventCountry "AUT"]
[WhiteTeam "SV Stockerau"]
[BlackTeam "ASVOE Pamhagen"]

1. d4 Nf6 2. Bg5 Ne4 3. Bf4 d5 4. f3 Nf6 5. c4 e6 6. Nc3 c5 7. cxd5 cxd4 8.
Qxd4 Nc6 9. Qa4 exd5 10. e4 dxe4 11. fxe4 Bc5 12. Qb5 Qd4 13. Qe2 O-O 14. Nf3
Qd8 15. Rd1 Qb6 16. a3 Re8 17. b4 Nd4 18. Qd3 Nxf3+ 19. gxf3 Bf2+ 20. Ke2 Bh4
21. Be3 Qc7 22. Nb5 1/2-1/2

[Event "2. Bundesliga Ost 2014/2015"]
[Site "1020 Wien, Haus des Schachsports, Marathonweg 14"]
[Date "2015.01.25"]
[Round "7"]
[Board "6"]
[White "Hapala, Elisabeth"]
[Black "Enkhjargal, Budjav"]
[Result "1/2-1/2"]
[WhiteElo "2077"]
[BlackElo "1975"]
[PlyCount "64"]
[EventDate "2014.10.18"]
[EventType "team"]
[EventRounds "11"]
[EventCountry "AUT"]
[WhiteTeam "ASVOE Pamhagen"]
[BlackTeam "SV Stockerau"]

1. e4 e5 2. Nf3 Nc6 3. Bb5 a6 4. Ba4 Nf6 5. O-O d6 6. c3 Be7 7. Re1 O-O 8. h3
Nd7 9. d4 b5 10. Bc2 Bf6 11. Be3 Bb7 12. Nbd2 exd4 13. cxd4 Nb4 14. Bb1 c5 15.
a3 Nc6 16. d5 Nd4 17. Nxd4 cxd4 18. Bf4 Be5 19. Bh2 f5 20. Nf3 fxe4 21. Bxe4
Nc5 22. Nxe5 dxe5 23. Bxe5 Nxe4 24. Rxe4 Qxd5 25. Qg4 Rf7 26. f3 Re8 27. Bxd4
Rxe4 28. Qxe4 Qxe4 29. fxe4 Bxe4 30. Re1 Re7 31. Bc5 Re6 32. g4 Kf7 1/2-1/2

[Event "2. Bundesliga Ost 2014/2015"]
[Site "1020 Wien, Haus des Schachsports, Marathonweg 14"]
[Date "2015.01.25"]
[Round "7"]
[Board "1"]
[White "Baumegger, Siegfried"]
[Black "Loeffler, Stefan"]
[Result "1/2-1/2"]
[WhiteElo "2465"]
[BlackElo "2387"]
[PlyCount "84"]
[EventDate "2014.10.18"]
[EventType "team"]
[EventRounds "11"]
[EventCountry "AUT"]
[WhiteTeam "tschaturanga"]
[BlackTeam "ASVOE VHS Poechlarn"]

1. Nf3 g6 2. d4 Bg7 3. c4 c5 4. e4 Qb6 5. dxc5 Qxc5 6. Be2 d6 7. O-O Bg4 8. Be3
Qc8 9. Qd2 Nf6 10. Nc3 Nc6 11. Rac1 O-O 12. b3 Bxf3 13. Bxf3 Ng4 14. Bxg4 Qxg4
15. f3 Qd7 16. Rfd1 Rfd8 17. Qf2 b6 18. Nd5 e6 19. Nc3 Qe7 20. Nb5 Rac8 21. Rc2
Rd7 22. Rcd2 Rcd8 23. Nd4 Bxd4 24. Bxd4 d5 25. exd5 exd5 26. Re1 Qd6 27. c5
bxc5 28. Bxc5 Qf6 29. Rde2 h5 30. Qe3 Kh7 31. Qd3 d4 32. b4 Rd5 33. f4 a5 34.
a3 axb4 35. axb4 Qxf4 36. Rf1 Ne5 37. Rxf4 Nxd3 38. Rxf7+ Kg8 39. Ree7 Nxc5 40.
bxc5 d3 41. Rg7+ Kf8 42. Ref7+ Ke8 1/2-1/2

[Event "2. Bundesliga Ost 2014/2015"]
[Site "1020 Wien, Haus des Schachsports, Marathonweg 14"]
[Date "2015.01.25"]
[Round "7"]
[Board "2"]
[White "Weinzettl, Ernst"]
[Black "Weber, Gerold"]
[Result "0-1"]
[WhiteElo "2297"]
[BlackElo "2376"]
[PlyCount "136"]
[EventDate "2014.10.18"]
[EventType "team"]
[EventRounds "11"]
[EventCountry "AUT"]
[WhiteTeam "ASVOE VHS Poechlarn"]
[BlackTeam "tschaturanga"]

1. e4 c5 2. Nf3 d6 3. d4 cxd4 4. Nxd4 Nf6 5. Nc3 a6 6. Bg5 e6 7. f4 Qc7 8. Bxf6
gxf6 9. Be2 Nc6 10. Nb3 b5 11. Bh5 Bb7 12. f5 b4 13. Ne2 e5 14. Ng3 a5 15. O-O
a4 16. Nd2 Nd4 17. c3 bxc3 18. bxc3 Qxc3 19. Rc1 Qa5 20. Nc4 Qa7 21. Kh1 Rd8
22. Ne3 Rd7 23. Nd5 Bg7 24. Ne2 Bxd5 25. Nxd4 Qxd4 26. Qxd4 exd4 27. exd5 Bh6
28. Rc8+ Rd8 29. Rc7 O-O 30. Rd1 Be3 31. Ra7 Ra8 32. Rd7 Kg7 33. h4 Rab8 34.
Ra7 Ra8 35. Rxa8 Rxa8 36. Rd3 Ra5 37. Bd1 Rxd5 38. Bxa4 Rxf5 39. Bc6 Rc5 40.
Bf3 Ra5 41. a3 f5 42. Bd1 Rc5 43. Kh2 Rc1 44. Kg3 Ra1 45. Kf3 Kf6 46. g3 Ke5
47. a4 Ra2 48. Be2 Rxa4 49. Rb3 Ra7 50. Bd3 d5 51. Be2 Rc7 52. Rb1 Rc3 53. Rd1
f4 54. gxf4+ Bxf4+ 55. Bd3 f5 56. Kg2 Rxd3 57. Rxd3 Ke4 58. Ra3 d3 59. Kf2 Be3+
60. Ke1 h5 61. Ra4+ d4 62. Ra3 d2+ 63. Kd1 f4 64. Ra8 f3 65. Re8+ Kf4 66. Rg8
f2 67. Rf8+ Kg4 68. Ke2 Kxh4 0-1

[Event "2. Bundesliga Ost 2014/2015"]
[Site "1020 Wien, Haus des Schachsports, Marathonweg 14"]
[Date "2015.01.25"]
[Round "7"]
[Board "3"]
[White "Sadilek, Peter"]
[Black "Ganaus, Hannes"]
[Result "1-0"]
[WhiteElo "2283"]
[BlackElo "2322"]
[PlyCount "54"]
[EventDate "2014.10.18"]
[EventType "team"]
[EventRounds "11"]
[EventCountry "AUT"]
[WhiteTeam "tschaturanga"]
[BlackTeam "ASVOE VHS Poechlarn"]

1. d4 Nf6 2. c4 e6 3. Nc3 Bb4 4. e3 O-O 5. Nge2 c6 6. a3 Ba5 7. Qc2 d5 8. Ng3
Nbd7 9. Be2 e5 10. O-O dxc4 11. Bxc4 exd4 12. exd4 Bc7 13. Ba2 Nb6 14. Rd1 Qd6
15. Bg5 h6 16. Nb5 cxb5 17. Bxf6 Qf4 18. Bxg7 Bg4 19. Bxf8 Bxd1 20. Rxd1 Rxf8
21. Bb1 f5 22. Qb3+ Kh8 23. Qxb5 h5 24. Qe2 h4 25. Qh5+ Kg7 26. Nxf5+ Rxf5 27.
Bxf5 Qxh2+ 1-0

[Event "2. Bundesliga Ost 2014/2015"]
[Site "1020 Wien, Haus des Schachsports, Marathonweg 14"]
[Date "2015.01.25"]
[Round "7"]
[Board "4"]
[White "Wilke, Werner"]
[Black "Karner, Christoph"]
[Result "1-0"]
[WhiteElo "2225"]
[BlackElo "2333"]
[PlyCount "131"]
[EventDate "2014.10.18"]
[EventType "team"]
[EventRounds "11"]
[EventCountry "AUT"]
[WhiteTeam "ASVOE VHS Poechlarn"]
[BlackTeam "tschaturanga"]

1. e4 c5 2. Nf3 d6 3. Bb5+ Bd7 4. Bxd7+ Qxd7 5. c4 Nc6 6. Nc3 Nf6 7. d4 cxd4 8.
Nxd4 g6 9. f3 Bg7 10. Nde2 O-O 11. Bg5 Rfc8 12. Qd2 Qd8 13. O-O a6 14. Kh1 Rab8
15. Rac1 Qa5 16. Rfd1 Ne5 17. b3 Nd3 18. Qxd3 Qxg5 19. g3 b5 20. cxb5 axb5 21.
h4 Qe5 22. f4 Qh5 23. Kg2 Nd7 24. Nd5 Re8 25. Rc7 Nc5 26. Qf3 Qxf3+ 27. Kxf3
Kf8 28. h5 Ne6 29. Rc2 Rec8 30. Rdc1 Rxc2 31. Rxc2 gxh5 32. Ke3 Nc5 33. Nd4 e6
34. Nb4 e5 35. Nf5 Ne6 36. Nxd6 exf4+ 37. gxf4 Bd4+ 38. Kd3 Bc5 39. Na6 Nxf4+
40. Kd2 Rd8 41. Nxc5 Rxd6+ 42. Ke3 Ng6 43. Nd3 h4 44. Nf4 Rd1 45. Rh2 Re1+ 46.
Ne2 Kg7 47. Kd2 Rf1 48. Nd4 Ne5 49. Rxh4 b4 50. Rh5 Rf2+ 51. Ke3 Ng4+ 52. Kd3
Kg6 53. Rf5 Rxa2 54. Nf3 f6 55. Nh4+ Kg7 56. Rb5 Ne5+ 57. Ke3 Rh2 58. Rb7+ Kf8
59. Nf5 Rh3+ 60. Kd4 Rxb3 61. Kd5 h5 62. Ke6 Ng4 63. Ng7 h4 64. Nf5 Nf2 65.
Kxf6 Nxe4+ 66. Kg6 1-0

[Event "2. Bundesliga Ost 2014/2015"]
[Site "1020 Wien, Haus des Schachsports, Marathonweg 14"]
[Date "2015.01.25"]
[Round "7"]
[Board "5"]
[White "Kreindl, Helmut"]
[Black "Ernst, Michael"]
[Result "1/2-1/2"]
[WhiteElo "2219"]
[BlackElo "2134"]
[PlyCount "60"]
[EventDate "2014.10.18"]
[EventType "team"]
[EventRounds "11"]
[EventCountry "AUT"]
[WhiteTeam "tschaturanga"]
[BlackTeam "ASVOE VHS Poechlarn"]

1. d4 Nf6 2. Bg5 e6 3. e3 Be7 4. Nd2 b6 5. Ngf3 Bb7 6. Bd3 d6 7. O-O Nbd7 8.
Qe2 O-O 9. e4 e5 10. Rfd1 h6 11. Bh4 Nh5 12. Bxe7 Qxe7 13. g3 Nhf6 14. d5 a5
15. Nh4 g6 16. a4 Nc5 17. Bb5 Ba6 18. Bxa6 Nxa6 19. f3 Qd7 20. Nc4 Nc5 21. b3
Kg7 22. Ng2 b5 23. Nb2 b4 24. Nd3 Nb7 25. Ne3 Qe7 26. Rf1 Nd7 27. Rf2 Nbc5 28.
Nxc5 Nxc5 29. Raf1 Qd7 30. Nc4 Qe7 1/2-1/2

[Event "2. Bundesliga Ost 2014/2015"]
[Site "1020 Wien, Haus des Schachsports, Marathonweg 14"]
[Date "2015.01.25"]
[Round "7"]
[Board "6"]
[White "Gratze, Michael"]
[Black "Srienz, Christian"]
[Result "0-1"]
[WhiteElo "2017"]
[BlackElo "2255"]
[PlyCount "124"]
[EventDate "2014.10.18"]
[EventType "team"]
[EventRounds "11"]
[EventCountry "AUT"]
[WhiteTeam "ASVOE VHS Poechlarn"]
[BlackTeam "tschaturanga"]

1. e4 c6 2. d4 d5 3. exd5 cxd5 4. c4 Nf6 5. Nc3 Nc6 6. Bg5 Be6 7. Be2 h6 8.
Bxf6 exf6 9. a3 Ne7 10. c5 g6 11. Nf3 Bg7 12. O-O O-O 13. b4 g5 14. Ne1 f5 15.
f4 Ng6 16. fxg5 hxg5 17. Bh5 Qf6 18. Nc2 f4 19. Bxg6 Qxg6 20. b5 Rad8 21. Nb4
Qf6 22. Ne2 Bg4 23. Nc2 Rfe8 24. Rf2 Qe7 25. Kf1 Qe4 26. Qd2 Qh7 27. h3 Bf5 28.
Nb4 Re3 29. Ng1 Bd3+ 30. Nxd3 Rxd3 31. Qa5 Re8 32. b6 axb6 33. Qb5 Rde3 34. Rd1
Bxd4 35. cxb6 Bxb6 36. Qxd5 R3e5 37. Re2 Qf5 38. Rxe5 Qxe5 39. Qxe5 Rxe5 40.
Rd7 Bxg1 41. Kxg1 Rb5 42. Kf2 Kg7 43. a4 Rb2+ 44. Kf3 Rb3+ 45. Ke4 Kg6 46. Rd6+
f6 47. a5 Rg3 48. Rd2 Re3+ 49. Kd4 Ra3 50. Kc5 Rxa5+ 51. Kb6 Ra3 52. Kxb7 Rc3
53. Kb6 Kh5 54. Rd6 Kh4 55. Rxf6 Kg3 56. Rg6 Kxg2 57. h4 Rg3 58. h5 f3 59. h6
f2 60. h7 f1=Q 61. h8=Q Qb1+ 62. Kc7 Qxg6 0-1

[Event "2. Bundesliga Ost 2014/2015"]
[Site "1020 Wien, Haus des Schachsports, Marathonweg 14"]
[Date "2015.01.25"]
[Round "7"]
[Board "1"]
[White "Polak, Thomas"]
[Black "Zilka, Stepan"]
[Result "0-1"]
[WhiteElo "2513"]
[BlackElo "2521"]
[PlyCount "68"]
[EventDate "2014.10.18"]
[EventType "team"]
[EventRounds "11"]
[EventCountry "AUT"]
[WhiteTeam "Zwettl"]
[BlackTeam "Blackburne Nickelsdorf"]

1. d4 d5 2. c4 c6 3. Nc3 Nf6 4. Nf3 e6 5. Bg5 dxc4 6. e4 b5 7. e5 h6 8. Bh4 g5
9. exf6 gxh4 10. Ne5 Qxf6 11. g3 Bb7 12. Bg2 Qe7 13. Qe2 Bg7 14. O-O-O h3 15.
Bf3 O-O 16. Rhe1 a5 17. Kb1 a4 18. a3 b4 19. axb4 Qxb4 20. Qxc4 Na6 21. Na2
Qxc4 22. Nxc4 Rab8 23. Na5 Rfc8 24. Nc3 Ba8 25. Nxa4 Rb4 26. Nc3 Bxd4 27. Kc2
Bxf2 28. Rf1 Bd4 29. Bh5 f5 30. Be2 Nc7 31. g4 fxg4 32. Nb3 c5 33. Na2 Rxb3 34.
Rxd4 cxd4 0-1

[Event "2. Bundesliga Ost 2014/2015"]
[Site "1020 Wien, Haus des Schachsports, Marathonweg 14"]
[Date "2015.01.25"]
[Round "7"]
[Board "2"]
[White "Schwarhofer, Christopher"]
[Black "Krejci, Jan"]
[Result "1-0"]
[WhiteElo "2394"]
[BlackElo "2533"]
[PlyCount "111"]
[EventDate "2014.10.18"]
[EventType "team"]
[EventRounds "11"]
[EventCountry "AUT"]
[WhiteTeam "Blackburne Nickelsdorf"]
[BlackTeam "Zwettl"]

1. e4 c5 2. Nf3 d6 3. Bb5+ Nd7 4. d4 cxd4 5. Nxd4 a6 6. Be2 Ngf6 7. Nc3 e6 8.
Be3 b5 9. a4 b4 10. Nc6 Qc7 11. Nxb4 d5 12. Nba2 dxe4 13. Qd4 Bb7 14. O-O Bd6
15. h3 O-O 16. Rfd1 Bh2+ 17. Kh1 Be5 18. Qc4 Qb8 19. a5 Rc8 20. Qa4 Bc6 21. Qa3
Qb7 22. Rab1 Rab8 23. b4 Nd5 24. b5 Bxc3 25. Nxc3 Nxc3 26. Qxc3 axb5 27. Qd4
Qa6 28. Qb4 h6 29. Rd6 Qa8 30. Bd4 Nf6 31. Bxf6 gxf6 32. Qd4 Kg7 33. Rb3 Rg8
34. Rg3+ Kf8 35. Qc5 Rxg3 36. Rd8+ Kg7 37. Qf8+ Kg6 38. Rxb8 Qxa5 39. Qg8+ Kf5
40. Qxg3 Qe1+ 41. Kh2 Qxe2 42. Rh8 Qd2 43. Qh4 Qf4+ 44. Qxf4+ Kxf4 45. Rxh6 Kg5
46. Rh8 f5 47. Rg8+ Kf6 48. Kg1 f4 49. h4 e3 50. fxe3 fxe3 51. Rg3 b4 52. Rg4
Ba4 53. c3 e2 54. Kf2 Bc6 55. cxb4 Bb5 56. h5 1-0

[Event "2. Bundesliga Ost 2014/2015"]
[Site "1020 Wien, Haus des Schachsports, Marathonweg 14"]
[Date "2015.01.25"]
[Round "7"]
[Board "3"]
[White "Blatny, Pavel"]
[Black "Lendwai, Reinhard"]
[Result "0-1"]
[WhiteElo "2414"]
[BlackElo "2347"]
[PlyCount "60"]
[EventDate "2014.10.18"]
[EventType "team"]
[EventRounds "11"]
[EventCountry "AUT"]
[WhiteTeam "Zwettl"]
[BlackTeam "Blackburne Nickelsdorf"]

1. b3 Nf6 2. Bb2 g6 3. g4 h6 4. Bg2 Bg7 5. h3 d6 6. c4 e5 7. Nc3 O-O 8. e3 Nc6
9. Nge2 d5 10. Nxd5 Nxd5 11. Bxd5 Nb4 12. Be4 f5 13. Ba3 a5 14. Bxb4 axb4 15.
gxf5 gxf5 16. Bd5+ Kh8 17. d4 f4 18. exf4 exd4 19. Nc1 Bf5 20. Nd3 c6 21. Bf3
Qh4 22. Kf1 Bxd3+ 23. Qxd3 Rxf4 24. Re1 Qf6 25. Bd1 Rxf2+ 26. Kg1 Raxa2 27.
Re8+ Bf8 28. Re2 Rf3 29. Qe4 Rg3+ 30. Kh2 Bd6 0-1

[Event "2. Bundesliga Ost 2014/2015"]
[Site "1020 Wien, Haus des Schachsports, Marathonweg 14"]
[Date "2015.01.25"]
[Round "7"]
[Board "4"]
[White "Pinter, Erik"]
[Black "Vyskocil, Neklan"]
[Result "1/2-1/2"]
[WhiteElo "2354"]
[BlackElo "2422"]
[PlyCount "66"]
[EventDate "2014.10.18"]
[EventType "team"]
[EventRounds "11"]
[EventCountry "AUT"]
[WhiteTeam "Blackburne Nickelsdorf"]
[BlackTeam "Zwettl"]

1. e4 c5 2. Nf3 e6 3. b3 b6 4. Bb2 Bb7 5. Bd3 Nf6 6. Nc3 Be7 7. e5 Nd5 8. Nxd5
Bxd5 9. O-O O-O 10. Qe2 Bb7 11. Rae1 a5 12. Be4 Nc6 13. d4 cxd4 14. Nxd4 Nxd4
15. Bxd4 Bxe4 16. Qxe4 Rc8 17. Re3 Bc5 18. Rh3 h6 19. c4 Qe7 20. Rd3 Rfd8 21.
Bxc5 Qxc5 22. Qd4 b5 23. Qxc5 Rxc5 24. cxb5 Rxb5 25. f4 a4 26. Rfd1 axb3 27.
axb3 Rc8 28. h4 h5 29. Kf2 Kh7 30. Rb1 Kg6 31. Rg3+ Kh7 32. Rd3 Kg6 33. Rg3+
Kh7 1/2-1/2

[Event "2. Bundesliga Ost 2014/2015"]
[Site "1020 Wien, Haus des Schachsports, Marathonweg 14"]
[Date "2015.01.25"]
[Round "7"]
[Board "5"]
[White "Lipp, Alfred"]
[Black "Vlcek, Stanislav"]
[Result "1/2-1/2"]
[WhiteElo "2118"]
[BlackElo "2321"]
[PlyCount "32"]
[EventDate "2014.10.18"]
[EventType "team"]
[EventRounds "11"]
[EventCountry "AUT"]
[WhiteTeam "Zwettl"]
[BlackTeam "Blackburne Nickelsdorf"]

1. d4 Nf6 2. c4 g6 3. Nc3 Bg7 4. e4 d6 5. Nf3 O-O 6. Be2 e5 7. O-O Qe8 8. d5 a5
9. Ne1 Na6 10. Be3 Nd7 11. Nd3 f5 12. f3 b6 13. a3 Nac5 14. b4 Nxd3 15. Bxd3
Qe7 16. Qc2 fxe4 1/2-1/2

[Event "2. Bundesliga Ost 2014/2015"]
[Site "1020 Wien, Haus des Schachsports, Marathonweg 14"]
[Date "2015.01.25"]
[Round "7"]
[Board "6"]
[White "Bachofner, Andreas"]
[Black "Allram, Sebastian"]
[Result "1-0"]
[WhiteElo "2180"]
[BlackElo "2004"]
[PlyCount "75"]
[EventDate "2014.10.18"]
[EventType "team"]
[EventRounds "11"]
[EventCountry "AUT"]
[WhiteTeam "Blackburne Nickelsdorf"]
[BlackTeam "Zwettl"]

1. e4 c6 2. d4 d5 3. exd5 cxd5 4. Bd3 Nc6 5. c3 Nf6 6. Bf4 g6 7. Nf3 Bg7 8. O-O
O-O 9. Ne5 Nh5 10. Nxc6 bxc6 11. Be3 a5 12. Nd2 f5 13. f3 f4 14. Bf2 e5 15. Nb3
Qg5 16. Re1 e4 17. fxe4 Bh3 18. Bf1 f3 19. Qd2 Qg4 20. Be3 Nf4 21. Bxf4 Rxf4
22. Kh1 fxg2+ 23. Bxg2 Raf8 24. Bxh3 Qxh3 25. Qg2 Qxg2+ 26. Kxg2 Rg4+ 27. Kh1
dxe4 28. Re2 Bh6 29. Nxa5 c5 30. dxc5 e3 31. c6 Bf4 32. Nc4 Rc8 33. Nxe3 Rh4
34. Nd5 Kg7 35. Re7+ Kh6 36. Nxf4 Rxf4 37. c7 Rc4 38. a4 1-0

[Event "2. Bundesliga Ost 2014/2015"]
[Site "1020 Wien, Haus des Schachsports, Marathonweg 14"]
[Date "2015.02.21"]
[Round "8"]
[Board "1"]
[White "Videki, Sandor"]
[Black "Zilka, Stepan"]
[Result "1-0"]
[WhiteElo "2380"]
[BlackElo "2521"]
[PlyCount "47"]
[EventDate "2014.10.18"]
[EventType "team"]
[EventRounds "11"]
[EventCountry "AUT"]
[WhiteTeam "SC Data Technology Pressbaum/E."]
[BlackTeam "Blackburne Nickelsdorf"]

1. c4 c6 2. d4 d5 3. Nc3 Nf6 4. Nf3 e6 5. cxd5 cxd5 6. Bf4 Nc6 7. e3 Nh5 8. Bg5
Qb6 9. Bb5 h6 10. Bh4 g5 11. Ne5 Ng7 12. Bg3 Nf5 13. Qh5 Nd6 14. O-O a6 15.
Bxc6+ bxc6 16. Na4 Qb5 17. b3 Bg7 18. Ng6 Nf5 19. Nxh8 Bxh8 20. Rac1 Bg7 21.
Rc5 Qb7 22. Rfc1 Nxg3 23. fxg3 Bd7 24. R5c2 1-0

[Event "2. Bundesliga Ost 2014/2015"]
[Site "1020 Wien, Haus des Schachsports, Marathonweg 14"]
[Date "2015.02.21"]
[Round "8"]
[Board "2"]
[White "Schwarhofer, Christopher"]
[Black "Rumpl, Erwin"]
[Result "1/2-1/2"]
[WhiteElo "2394"]
[BlackElo "2314"]
[PlyCount "105"]
[EventDate "2014.10.18"]
[EventType "team"]
[EventRounds "11"]
[EventCountry "AUT"]
[WhiteTeam "Blackburne Nickelsdorf"]
[BlackTeam "SC Data Technology Pressbaum/E."]

1. e4 e6 2. d4 d5 3. Nc3 Nf6 4. e5 Nfd7 5. f4 c5 6. Nf3 Nc6 7. Be3 Qb6 8. Na4
Qa5+ 9. c3 cxd4 10. b4 Nxb4 11. cxb4 Bxb4+ 12. Bd2 Bxd2+ 13. Nxd2 O-O 14. Bd3
b5 15. Nb2 Nb6 16. O-O Nc4 17. Nbxc4 bxc4 18. Bxh7+ Kxh7 19. Qh5+ Kg8 20. Nf3
g6 21. Qh6 Qc7 22. Nh4 f6 23. Nxg6 Qg7 24. Qxg7+ Kxg7 25. Nxf8 Kxf8 26. Kf2 Ba6
27. Rfd1 fxe5 28. fxe5 d3 29. Ke3 Ke7 30. h3 Rc8 31. Rac1 Rd8 32. Kd4 Rf8 33.
g3 Rf2 34. Rb1 Re2 35. Re1 Rc2 36. h4 Rg2 37. h5 d2 38. Rg1 Re2 39. h6 Re4+ 40.
Kc3 d4+ 41. Kb4 Rxe5 42. h7 Rb5+ 43. Ka4 Rh5 44. Rh1 Rxh7 45. Rxh7+ Kf6 46. Rh2
c3 47. Rg1 e5 48. Kb3 Bb7 49. g4 Bd5+ 50. Kc2 Be4+ 51. Kb3 Bd5+ 52. Kc2 Be4+
53. Kb3 1/2-1/2

[Event "2. Bundesliga Ost 2014/2015"]
[Site "1020 Wien, Haus des Schachsports, Marathonweg 14"]
[Date "2015.02.21"]
[Round "8"]
[Board "3"]
[White "Neumeier, Klaus"]
[Black "Lendwai, Reinhard"]
[Result "1/2-1/2"]
[WhiteElo "2268"]
[BlackElo "2347"]
[PlyCount "67"]
[EventDate "2014.10.18"]
[EventType "team"]
[EventRounds "11"]
[EventCountry "AUT"]
[WhiteTeam "SC Data Technology Pressbaum/E."]
[BlackTeam "Blackburne Nickelsdorf"]

1. c4 e6 2. g3 d5 3. Bg2 Nf6 4. Nf3 Be7 5. O-O O-O 6. b3 a6 7. Bb2 b5 8. Qc2 c5
9. d3 Bb7 10. e3 Nc6 11. a3 Qb6 12. Nbd2 Rfd8 13. Rac1 dxc4 14. dxc4 b4 15. a4
Qc7 16. Ng5 h6 17. Bxf6 hxg5 18. Ba1 Na5 19. Nf3 Bf6 20. Bxf6 gxf6 21. Rfd1
Rxd1+ 22. Rxd1 Rd8 23. h4 Bxf3 24. Bxf3 gxh4 25. gxh4 Kg7 26. h5 Rxd1+ 27. Qxd1
Qe5 28. Kf1 f5 29. h6+ Kxh6 30. Qd8 Nxb3 31. Qh4+ Kg7 32. Qg5+ Kh7 33. Qh4+ Kg8
34. Qd8+ 1/2-1/2

[Event "2. Bundesliga Ost 2014/2015"]
[Site "1020 Wien, Haus des Schachsports, Marathonweg 14"]
[Date "2015.02.21"]
[Round "8"]
[Board "4"]
[White "Pinter, Erik"]
[Black "Weissenbeck, Manuel"]
[Result "0-1"]
[WhiteElo "2354"]
[BlackElo "2213"]
[PlyCount "66"]
[EventDate "2014.10.18"]
[EventType "team"]
[EventRounds "11"]
[EventCountry "AUT"]
[WhiteTeam "Blackburne Nickelsdorf"]
[BlackTeam "SC Data Technology Pressbaum/E."]

1. e4 c5 2. Nf3 d6 3. c3 Nf6 4. Be2 e6 5. O-O Be7 6. Re1 O-O 7. Bf1 b6 8. d3
Bb7 9. Nbd2 Qc7 10. a3 Nbd7 11. h3 Ne5 12. Nh2 Ng6 13. Ndf3 Rad8 14. g3 c4 15.
dxc4 Nxe4 16. Nd4 d5 17. cxd5 Nxg3 18. fxg3 Qxg3+ 19. Bg2 Bxd5 20. Re2 Nh4 21.
Nf1 Qg6 22. Qc2 f5 23. Ne3 Be4 24. Qb3 Rxd4 25. cxd4 Nf3+ 26. Kh1 Nxd4 27. Qd1
Nxe2 28. Qxe2 f4 29. Bxe4 Qxe4+ 30. Qg2 f3 31. Qf2 Bh4 32. Qf1 f2+ 33. Ng2 Qf3
 0-1

[Event "2. Bundesliga Ost 2014/2015"]
[Site "1020 Wien, Haus des Schachsports, Marathonweg 14"]
[Date "2015.02.21"]
[Round "8"]
[Board "5"]
[White "Hechl, Gerald"]
[Black "Vlcek, Stanislav"]
[Result "1/2-1/2"]
[WhiteElo "2180"]
[BlackElo "2321"]
[PlyCount "83"]
[EventDate "2014.10.18"]
[EventType "team"]
[EventRounds "11"]
[EventCountry "AUT"]
[WhiteTeam "SC Data Technology Pressbaum/E."]
[BlackTeam "Blackburne Nickelsdorf"]

1. d4 Nf6 2. Bg5 Ne4 3. Bf4 c5 4. d5 Qb6 5. Nd2 Nxd2 6. Bxd2 Qxb2 7. e4 Qe5 8.
Bd3 c4 9. Nf3 Qc7 10. Be2 e5 11. Bc3 d6 12. Qb1 Bd7 13. a4 Na6 14. Nd2 Nc5 15.
Qb4 Rc8 16. O-O Be7 17. f4 Nd3 18. cxd3 cxd3 19. Bh5 Qxc3 20. Qxc3 Rxc3 21.
fxe5 g6 22. exd6 Bg5 23. Nb1 Be3+ 24. Kh1 Rc4 25. Bf3 Bxa4 26. Nc3 Bc2 27. Nb5
Kd7 28. e5 Re8 29. e6+ fxe6 30. dxe6+ Kxe6 31. Nc7+ Rxc7 32. dxc7 Kd7 33. Bxb7
Kxc7 34. Bf3 Kb6 35. g3 d2 36. Ra2 Bd3 37. Rd1 Kb5 38. Kg2 a5 39. Rda1 Kb4 40.
Rxa5 Kc3 41. R1a3+ Kc2 42. Ra2+ 1/2-1/2